Lethal Company - All Creatures - Statistics

General Stats
  • This quiz has been taken 876 times
    13 since last reset
  • The average score is 17 of 30
Answer Stats
Hint Answer % Correct
Hostile Bracken
100%
Can be Hostile Circuit Bee
86%
Hostile Eyeless Dog
86%
Hostile Butler
71%
Hostile Coil-Head
71%
Hostile Forest Keeper
71%
Hostile Hygrodere
71%
Hostile Jester
71%
Hostile Old Bird
71%
Harmless Roaming Locust
71%
Hostile Thumper
71%
Hostile Barber
57%
Hostile Bunker Spider
57%
Hostile Giant Sapsucker
57%
Can be Hostile Hoarding Bug
57%
Hostile Kidnapper Fox
57%
Hostile Masked
57%
Hostile Nutcracker
57%
Can be Hostile Spore Lizard
57%
Can be Hostile Baboon Hawk
43%
Hostile Backwater Gunkfish
43%
Hostile Cadaver Bloom
43%
Hostile Earth Leviathan
43%
Hostile Ghost Girl
43%
Only creature at the Company Building Jeb
43%
Harmless Manticoil
43%
Hostile Snare Flea
43%
Hostile Feiopar
29%
Can be Hostile Maneater
29%
Hostile Tulip Snake
29%
No matching quizzes found
Score Distribution
Percent of People with Each Score
Percentile by Number Answered
Your Score History
You have not taken this quiz since the last reset